[Event "English Schools Championship Final 2024"]
[Site "Nottingham University Kings Meadow Campus, United Kingdom"]
[Date "2024.06.27"]
[Round "2.67"]
[White "Xu, Weiming"]
[Black "Morris Dawson, Miles"]
[Result "0-1"]
[TimeControl "G50' + 10\" per move."]
[BlackFideId "468878"]
[WhiteElo "1707"]
[BlackElo "1660"]

1. e4 {[%clk 00:50:18]} {[%emt 00:00:01]} e6 {[%clk 00:50:15]} {[%emt
00:00:05]} 2. d4 {[%clk 00:50:25]} {[%emt 00:00:03]} d5 {[%clk 00:50:21]}
{[%emt 00:00:04]} 3. e5 {[%clk 00:50:31]} {[%emt 00:00:04]} c5 {[%clk
00:50:27]} {[%emt 00:00:05]} 4. Nf3 {[%clk 00:50:31]} {[%emt 00:00:09]} Nc6
{[%clk 00:50:26]} {[%emt 00:00:11]} 5. Nc3 {[%clk 00:50:18]} {[%emt 00:00:23]}
cxd4 {[%clk 00:50:04]} {[%emt 00:00:32]} 6. Nxd4 {[%clk 00:48:09]} {[%emt
00:02:19]} Nxe5 {[%clk 00:50:00]} {[%emt 00:00:14]} 7. Bf4 {[%clk 00:44:56]}
{[%emt 00:03:22]} Bd6 {[%clk 00:45:44]} {[%emt 00:04:28]} 8. Be3 {[%clk
00:43:21]} {[%emt 00:01:44]} Nc6 {[%clk 00:45:16]} {[%emt 00:00:38]} 9. Bb5
{[%clk 00:42:06]} {[%emt 00:01:25]} Bd7 {[%clk 00:44:57]} {[%emt 00:00:29]} 10.
O-O {[%clk 00:41:06]} {[%emt 00:01:11]} a6 {[%clk 00:44:29]} {[%emt 00:00:38]}
11. Bd3 {[%clk 00:38:46]} {[%emt 00:02:29]} Nxd4 {[%clk 00:43:36]} {[%emt
00:01:03]} 12. Bxd4 {[%clk 00:38:43]} {[%emt 00:00:12]} e5 {[%clk 00:43:17]}
{[%emt 00:00:31]} 13. Re1 {[%clk 00:37:21]} {[%emt 00:01:32]} f6 {[%clk
00:37:22]} {[%emt 00:06:06]} 14. Nxd5 {[%clk 00:33:58]} {[%emt 00:03:32]} Ne7
{[%clk 00:33:41]} {[%emt 00:03:51]} 15. Qh5+ {[%clk 00:26:06]} {[%emt
00:08:01]} Kf8 {[%clk 00:25:36]} {[%emt 00:08:15]} 16. Nxe7 {[%clk 00:24:14]}
{[%emt 00:02:02]} Bxe7 {[%clk 00:23:28]} {[%emt 00:02:19]} 17. Bc3 {[%clk
00:23:12]} {[%emt 00:01:12]} Qe8 {[%clk 00:20:01]} {[%emt 00:03:37]} 18. Qf3
{[%clk 00:20:15]} {[%emt 00:03:07]} Bc6 {[%clk 00:19:30]} {[%emt 00:00:41]} 19.
Be4 {[%clk 00:19:48]} {[%emt 00:00:36]} Bxe4 {[%clk 00:19:24]} {[%emt
00:00:17]} 20. Rxe4 {[%clk 00:19:21]} {[%emt 00:00:37]} Bd6 {[%clk 00:18:12]}
{[%emt 00:01:22]} 21. Bb4 {[%clk 00:17:24]} {[%emt 00:02:07]} Bxb4 {[%clk
00:18:07]} {[%emt 00:00:14]} 22. Rxb4 {[%clk 00:17:30]} {[%emt 00:00:05]} b5
{[%clk 00:16:36]} {[%emt 00:01:41]} 23. Rd1 {[%emt 00:03:14]} Rd8 {[%clk
00:15:20]} 24. c4 {[%clk 00:10:36]} {[%emt 00:05:25]} Rxd1+ {[%clk 00:14:18]}
{[%emt 00:01:13]} 25. Qxd1 {[%clk 00:10:41]} {[%emt 00:00:04]} Qe7 {[%clk
00:08:19]} {[%emt 00:06:10]} 26. Qd2 {[%clk 00:09:23]} {[%emt 00:01:26]} Kf7
{[%clk 00:06:40]} {[%emt 00:01:50]} 27. cxb5 {[%clk 00:07:54]} {[%emt
00:01:38]} Rb8 {[%clk 00:06:32]} {[%emt 00:00:18]} 28. b6 {[%clk 00:06:24]}
{[%emt 00:01:41]} Rd8 {[%clk 00:04:59]} {[%emt 00:01:44]} 29. Qxd8 {[%clk
00:02:15]} {[%emt 00:04:18]} Qxd8 {[%clk 00:04:57]} {[%emt 00:00:12]} 30. h3
{[%emt 00:01:05]} Qd1+ {[%clk 00:04:37]} 31. Kh2 {[%clk 00:01:59]} {[%emt
00:00:01]} Qd6 {[%clk 00:04:34]} {[%emt 00:00:13]} 32. Rb3 {[%clk 00:01:56]}
{[%emt 00:00:12]} e4+ {[%clk 00:04:40]} {[%emt 00:00:05]} 33. Kg1 {[%clk
00:01:31]} {[%emt 00:00:33]} a5 {[%clk 00:03:49]} {[%emt 00:01:03]} 34. b7
{[%clk 00:01:21]} {[%emt 00:00:20]} Qd1+ {[%clk 00:03:48]} {[%emt 00:00:12]} 35.
Kh2 {[%clk 00:01:28]} {[%emt 00:00:02]} Qd6+ {[%clk 00:03:56]} {[%emt
00:00:02]} 36. g3 {[%clk 00:00:55]} {[%emt 00:00:43]} Qb8 {[%clk 00:04:05]}
{[%emt 00:00:02]} 37. a4 {[%clk 00:00:56]} {[%emt 00:00:09]} Ke6 {[%clk
00:03:45]} {[%emt 00:00:29]} 38. Kg2 {[%clk 00:01:03]} {[%emt 00:00:02]} Kd5
{[%clk 00:02:55]} {[%emt 00:01:00]} 39. Kf1 {[%clk 00:01:04]} {[%emt 00:00:08]}
g5 {[%clk 00:02:37]} {[%emt 00:00:29]} 40. Ke2 {[%clk 00:01:02]} {[%emt
00:00:12]} f5 {[%clk 00:02:37]} {[%emt 00:00:11]} 41. Ke3 {[%clk 00:01:01]}
{[%emt 00:00:09]} Qa7+ {[%clk 00:02:43]} {[%emt 00:00:06]} 42. Ke2 {[%clk
00:01:08]} {[%emt 00:00:02]} Qb8 {[%clk 00:02:45]} {[%emt 00:00:08]} 43. Rb5+
{[%clk 00:00:54]} {[%emt 00:00:23]} Kd4 {[%clk 00:02:25]} {[%emt 00:00:30]} 44.
b3 {[%clk 00:00:36]} {[%emt 00:00:28]} f4 {[%clk 00:02:18]} {[%emt 00:00:17]}
45. gxf4 {[%clk 00:00:15]} {[%emt 00:00:31]} gxf4 {[%clk 00:02:25]} {[%emt
00:00:03]} 46. h4 {[%clk 00:00:23]} {[%emt 00:00:02]} f3+ {[%clk 00:02:33]}
{[%emt 00:00:02]} 47. Kf1 {[%clk 00:00:30]} {[%emt 00:00:03]} Qh2 {[%clk
00:02:21]} {[%emt 00:00:22]} 48. Ke1 {[%clk 00:00:37]} {[%emt 00:00:03]} Qg1+
{[%clk 00:02:04]} {[%emt 00:00:28]} 49. Kd2 {[%clk 00:00:44]} {[%emt 00:00:02]}
Qxf2+ {[%clk 00:02:12]} {[%emt 00:00:02]} 50. Kc1 {[%clk 00:00:50]} {[%emt
00:00:03]} Qe1+ {[%clk 00:01:52]} {[%emt 00:00:32]} 51. Kc2 {[%clk 00:00:29]}
{[%emt 00:00:30]} Qc3+ {[%clk 00:01:54]} {[%emt 00:00:08]} 52. Kb1 {[%clk
00:00:15]} {[%emt 00:00:24]} f2 {[%clk 00:01:42]} {[%emt 00:00:22]} 53. Rf5
{[%clk 00:00:00]} {[%emt 00:00:14]} Qxb3+ {[%clk 00:01:42]} {[%emt 00:00:07]}
54. Kc1 {[%clk 00:00:00]} {[%emt 00:00:04]} Qxb7 {[%clk 00:01:42]} {[%emt
00:00:07]} 55. Rxf2 {[%clk 00:00:00]} {[%emt 00:00:06]} Qc6+ {[%clk 00:01:42]}
{[%emt 00:00:04]} 56. Kd1 {[%clk 00:00:00]} {[%emt 00:00:02]} Qxa4+ {[%clk
00:01:42]} {[%emt 00:00:03]} 57. Ke1 {[%clk 00:00:00]} {[%emt 00:00:04]} Qa1+
{[%clk 00:01:42]} {[%emt 00:00:09]} 58. Ke2 {[%clk 00:00:00]} Qb2+ {[%clk
00:01:42]} {[%emt 00:00:09]} 59. Ke1 {[%clk 00:00:00]} {[%emt 00:00:02]} Qc1+
{[%clk 00:01:42]} {[%emt 00:00:07]} 60. Ke2 {[%clk 00:00:00]} {[%emt 00:00:01]}
0-1

[Event "English Schools Championship Final 2024"]
[Site "Nottingham University Kings Meadow Campus, United Kingdom"]
[Date "2024.06.27"]
[Round "2.68"]
[White "Crompton, Josh"]
[Black "Robinson, Ben"]
[Result "1-0"]
[TimeControl "G50' + 10\" per move."]
[WhiteFideId "343415342"]
[WhiteElo "1662"]
[BlackElo "1609"]

1. e4 {[%clk 00:50:17]} {[%emt 00:00:05]} e5 {[%clk 00:50:14]} {[%emt
00:00:07]} 2. Nf3 {[%clk 00:50:22]} {[%emt 00:00:03]} Nc6 {[%clk 00:50:14]}
{[%emt 00:00:09]} 3. d4 {[%clk 00:50:26]} {[%emt 00:00:06]} exd4 {[%clk
00:50:04]} {[%emt 00:00:20]} 4. Bc4 {[%clk 00:50:27]} {[%emt 00:00:09]} h6
{[%clk 00:46:02]} {[%emt 00:04:13]} 5. Nxd4 {[%clk 00:49:44]} {[%emt 00:00:53]}
Nxd4 {[%clk 00:40:57]} {[%emt 00:05:15]} 6. Qxd4 {[%clk 00:49:48]} {[%emt
00:00:08]} d6 {[%clk 00:39:02]} {[%emt 00:02:04]} 7. Nc3 {[%clk 00:49:36]}
{[%emt 00:00:21]} Be7 {[%clk 00:36:33]} {[%emt 00:02:38]} 8. Qxg7 {[%clk
00:49:20]} {[%emt 00:00:29]} Kd7 {[%clk 00:31:55]} {[%emt 00:04:46]} 9. Qxh8
{[%clk 00:48:46]} {[%emt 00:00:45]} Nf6 {[%clk 00:30:30]} {[%emt 00:01:34]} 10.
Qxh6 {[%clk 00:47:47]} {[%emt 00:01:10]} Qf8 {[%clk 00:29:28]} {[%emt
00:01:10]} 11. Qxf8 {[%clk 00:46:49]} {[%emt 00:01:11]} Bxf8 {[%clk 00:29:25]}
{[%emt 00:00:12]} 12. Bxf7 {[%clk 00:46:40]} {[%emt 00:00:19]} c6 {[%clk
00:29:04]} {[%emt 00:00:30]} 13. Bg5 {[%clk 00:46:04]} {[%emt 00:00:47]} Bg7
{[%clk 00:27:48]} {[%emt 00:01:26]} 14. Bxf6 {[%clk 00:45:44]} {[%emt
00:00:30]} Bxf6 {[%clk 00:27:50]} {[%emt 00:00:07]} 15. h4 {[%clk 00:45:36]}
{[%emt 00:00:19]} Kc7 {[%clk 00:27:39]} {[%emt 00:00:21]} 16. h5 {[%clk
00:45:08]} {[%emt 00:00:39]} Bd7 {[%clk 00:27:11]} {[%emt 00:00:38]} 17. O-O-O
{[%clk 00:44:30]} {[%emt 00:00:47]} Rh8 {[%clk 00:26:49]} {[%emt 00:00:32]} 18.
Ne2 {[%clk 00:42:44]} {[%emt 00:01:56]} Bg7 {[%clk 00:22:48]} {[%emt 00:04:11]}
19. Ng3 {[%clk 00:42:02]} {[%emt 00:00:54]} Bh6+ {[%clk 00:22:08]} {[%emt
00:00:49]} 20. Kb1 {[%clk 00:42:10]} {[%emt 00:00:02]} Rf8 {[%clk 00:21:38]}
{[%emt 00:00:39]} 21. Bg6 {[%clk 00:39:50]} {[%emt 00:02:32]} Rxf2 {[%clk
00:21:15]} {[%emt 00:00:31]} 22. Bf5 {[%clk 00:38:53]} {[%emt 00:01:07]} Be8
{[%clk 00:18:27]} {[%emt 00:02:58]} 23. Bg6 {[%clk 00:38:24]} {[%emt 00:00:40]}
Bd7 {[%clk 00:15:05]} {[%emt 00:03:31]} 24. Nf5 {[%clk 00:38:07]} {[%emt
00:00:28]} Bxf5 {[%clk 00:14:45]} {[%emt 00:00:29]} 25. Bxf5 {[%clk 00:38:03]}
{[%emt 00:00:15]} Rxg2 {[%clk 00:12:10]} {[%emt 00:02:45]} 26. Rdg1 {[%clk
00:38:05]} {[%emt 00:00:07]} Rf2 {[%clk 00:10:23]} {[%emt 00:01:57]} 27. Rg6
{[%clk 00:38:01]} {[%emt 00:00:14]} Be3 {[%clk 00:10:13]} {[%emt 00:00:19]} 28.
h6 {[%clk 00:37:32]} {[%emt 00:00:40]} d5 {[%clk 00:09:43]} {[%emt 00:00:39]}
29. h7 {[%clk 00:37:10]} {[%emt 00:00:32]} Bd4 {[%clk 00:09:43]} {[%emt
00:00:11]} 30. a3 {[%clk 00:36:29]} {[%emt 00:00:51]} dxe4 {[%clk 00:09:18]}
{[%emt 00:00:34]} 31. Bxe4 {[%clk 00:36:30]} {[%emt 00:00:09]} Rf4 {[%clk
00:08:07]} {[%emt 00:01:22]} 32. Bd3 {[%clk 00:36:29]} {[%emt 00:00:11]} Rf8
{[%clk 00:06:54]} {[%emt 00:01:21]} 33. Rg8 {[%clk 00:36:26]} {[%emt 00:00:15]}
Rf7 {[%clk 00:06:59]} {[%emt 00:00:04]} 34. h8=Q {[%clk 00:36:19]} {[%emt
00:00:16]} Bxh8 {[%clk 00:07:06]} {[%emt 00:00:03]} 35. Rgxh8 {[%clk 00:36:26]}
{[%emt 00:00:03]} 1-0

[Event "English Schools Championship Final 2024"]
[Site "Nottingham University Kings Meadow Campus, United Kingdom"]
[Date "2024.06.27"]
[Round "2.69"]
[White "Berry, Namam"]
[Black "Stephens, Scott"]
[Result "1/2-1/2"]
[TimeControl "G50' + 10\" per move."]
[WhiteFideId "343432492"]
[BlackFideId "343427626"]
[WhiteElo "1466"]
[BlackElo "1613"]

1. e4 {[%clk 00:50:16]} {[%emt 00:00:04]} c5 {[%clk 00:50:11]} {[%emt
00:00:10]} 2. Nf3 {[%clk 00:50:16]} {[%emt 00:00:09]} d6 {[%clk 00:50:08]}
{[%emt 00:00:14]} 3. Bb5+ {[%clk 00:50:11]} {[%emt 00:00:14]} Bd7 {[%clk
00:49:55]} {[%emt 00:00:23]} 4. Bxd7+ {[%clk 00:50:11]} {[%emt 00:00:11]} Qxd7
{[%clk 00:49:55]} {[%emt 00:00:10]} 5. O-O {[%clk 00:50:07]} {[%emt 00:00:13]}
Nc6 {[%clk 00:49:12]} {[%emt 00:00:53]} 6. d4 {[%clk 00:50:00]} {[%emt
00:00:16]} cxd4 {[%clk 00:49:11]} {[%emt 00:00:13]} 7. Nxd4 {[%clk 00:50:01]}
{[%emt 00:00:08]} e5 {[%clk 00:45:57]} {[%emt 00:03:24]} 8. Nxc6 {[%emt
00:00:51]} bxc6 {[%clk 00:45:58]} 9. Nc3 {[%clk 00:48:48]} {[%emt 00:00:50]}
Nf6 {[%clk 00:45:55]} {[%emt 00:00:12]} 10. Bg5 {[%clk 00:46:12]} {[%emt
00:02:46]} Be7 {[%clk 00:45:37]} {[%emt 00:00:29]} 11. f4 {[%clk 00:45:23]}
{[%emt 00:00:59]} Rd8 {[%clk 00:40:46]} {[%emt 00:05:02]} 12. fxe5 {[%clk
00:44:09]} {[%emt 00:01:24]} dxe5 {[%clk 00:40:36]} {[%emt 00:00:20]} 13. Qxd7+
{[%clk 00:44:10]} Rxd7 {[%clk 00:40:28]} {[%emt 00:00:26]} 14. Rf5 {[%clk
00:41:51]} {[%emt 00:02:27]} Bc5+ {[%clk 00:31:42]} {[%emt 00:08:59]} 15. Kh1
{[%clk 00:40:52]} {[%emt 00:01:08]} O-O {[%clk 00:31:13]} {[%emt 00:00:40]} 16.
Bxf6 {[%clk 00:40:14]} {[%emt 00:00:47]} gxf6 {[%clk 00:31:12]} {[%emt
00:00:12]} 17. Rxf6 {[%clk 00:39:57]} {[%emt 00:00:27]} Bb4 {[%clk 00:27:54]}
{[%emt 00:03:28]} 18. Rxc6 {[%clk 00:38:09]} {[%emt 00:01:58]} Bxc3 {[%clk
00:26:12]} {[%emt 00:01:52]} 19. Rxc3 {[%clk 00:37:58]} {[%emt 00:00:20]} Rfd8
{[%clk 00:25:56]} {[%emt 00:00:26]} 20. h3 {[%clk 00:37:35]} {[%emt 00:00:33]}
Rd4 {[%clk 00:25:03]} {[%emt 00:01:03]} 21. Rg3+ {[%clk 00:36:38]} {[%emt
00:01:07]} Kf8 {[%clk 00:23:01]} {[%emt 00:02:13]} 22. Re3 {[%clk 00:32:05]}
{[%emt 00:04:41]} Rd2 {[%clk 00:22:24]} {[%emt 00:00:48]} 23. c4 {[%clk
00:30:14]} {[%emt 00:02:01]} Rxb2 {[%clk 00:20:27]} {[%emt 00:02:07]} 24. Rc3
{[%clk 00:28:47]} {[%emt 00:01:37]} Rdd2 {[%clk 00:20:02]} {[%emt 00:00:35]} 25.
c5 {[%clk 00:25:00]} {[%emt 00:03:57]} Rxg2 {[%clk 00:19:12]} {[%emt 00:01:01]}
26. c6 {[%clk 00:24:32]} {[%emt 00:00:38]} Rbf2 {[%clk 00:15:07]} {[%emt
00:04:14]} 27. c7 {[%clk 00:22:47]} {[%emt 00:01:55]} Rh2+ {[%clk 00:15:08]}
{[%emt 00:00:09]} 28. Kg1 {[%clk 00:22:21]} {[%emt 00:00:35]} Rhg2+ {[%clk
00:13:24]} {[%emt 00:00:31]} 1/2-1/2

[Event "English Schools Championship Final 2024"]
[Site "Nottingham University Kings Meadow Campus, United Kingdom"]
[Date "2024.06.27"]
[Round "2.70"]
[White "Willsher-Hughes, Tobias"]
[Black "Ross, Ethan"]
[Result "0-1"]
[TimeControl "G50' + 10\" per move."]
[WhiteFideId "343428550"]
[BlackFideId "343411002"]
[WhiteElo "1779"]
[BlackElo "1301"]

1. e4 {[%clk 00:50:17]} {[%emt 00:00:04]} e5 {[%clk 00:50:16]} {[%emt
00:00:03]} 2. Nf3 {[%clk 00:50:21]} {[%emt 00:00:06]} Nc6 {[%clk 00:50:16]}
{[%emt 00:00:09]} 3. Bc4 {[%clk 00:50:23]} {[%emt 00:00:09]} Bc5 {[%clk
00:50:17]} {[%emt 00:00:09]} 4. d3 {[%clk 00:50:05]} {[%emt 00:00:28]} d6
{[%clk 00:50:17]} {[%emt 00:00:11]} 5. Ng5 {[%clk 00:49:54]} {[%emt 00:00:21]}
Nh6 {[%clk 00:50:04]} {[%emt 00:00:23]} 6. O-O {[%clk 00:49:49]} {[%emt
00:00:15]} Bg4 {[%clk 00:49:28]} {[%emt 00:00:45]} 7. Bxf7+ {[%clk 00:48:52]}
{[%emt 00:01:07]} Ke7 {[%clk 00:44:56]} {[%emt 00:04:43]} 8. Qd2 {[%clk
00:46:46]} {[%emt 00:03:42]} Nxf7 {[%clk 00:46:12]} {[%emt 00:00:46]} 9. Kh1
{[%clk 00:46:16]} {[%emt 00:00:39]} h6 {[%clk 00:45:07]} {[%emt 00:01:16]} 10.
Nxf7 {[%clk 00:45:31]} {[%emt 00:00:54]} Kxf7 {[%clk 00:45:07]} {[%emt
00:00:11]} 11. f4 {[%clk 00:44:52]} {[%emt 00:00:50]} Ke7 {[%clk 00:42:00]}
{[%emt 00:03:17]} 12. Nc3 {[%clk 00:43:10]} {[%emt 00:01:52]} Be6 {[%clk
00:39:26]} {[%emt 00:02:44]} 13. Nd5+ {[%clk 00:40:43]} {[%emt 00:02:37]} Bxd5
{[%clk 00:38:49]} {[%emt 00:00:47]} 14. exd5 {[%clk 00:40:35]} {[%emt
00:00:17]} Nd4 {[%clk 00:38:09]} {[%emt 00:00:52]} 15. c3 {[%clk 00:39:42]}
{[%emt 00:01:03]} Nf5 {[%clk 00:34:15]} {[%emt 00:04:03]} 16. Qe1 {[%clk
00:38:21]} {[%emt 00:01:29]} Rf8 {[%clk 00:28:21]} {[%emt 00:06:05]} 17. g4
{[%clk 00:37:29]} {[%emt 00:01:01]} Qd7 {[%clk 00:25:50]} {[%emt 00:02:42]} 18.
gxf5 {[%clk 00:36:29]} {[%emt 00:01:10]} Qxf5 {[%clk 00:25:22]} {[%emt
00:00:38]} 19. d4 {[%clk 00:35:50]} {[%emt 00:00:49]} Bb6 {[%clk 00:24:32]}
{[%emt 00:01:00]} 20. Bd2 {[%clk 00:34:12]} {[%emt 00:01:47]} e4 {[%clk
00:22:47]} {[%emt 00:01:55]} 21. Qh4+ {[%clk 00:33:38]} {[%emt 00:00:45]} Kd7
{[%clk 00:21:35]} {[%emt 00:01:22]} 22. Rg1 {[%clk 00:32:59]} {[%emt 00:00:49]}
Qxd5 {[%clk 00:20:02]} {[%emt 00:01:43]} 23. Rxg7+ {[%clk 00:32:02]} {[%emt
00:01:06]} Kc6 {[%clk 00:19:38]} {[%emt 00:00:35]} 24. Be3 {[%clk 00:31:22]}
{[%emt 00:00:51]} Qe6 {[%clk 00:18:14]} {[%emt 00:01:33]} 25. Qh5 {[%clk
00:29:48]} {[%emt 00:01:44]} Rg8 {[%clk 00:16:38]} {[%emt 00:01:45]} 26. a4
{[%clk 00:28:45]} {[%emt 00:01:13]} a6 {[%clk 00:15:13]} {[%emt 00:01:36]} 27.
d5+ {[%clk 00:27:41]} {[%emt 00:01:15]} Qxd5 {[%clk 00:14:34]} {[%emt
00:00:49]} 28. Qxd5+ {[%clk 00:27:18]} {[%emt 00:00:32]} Kxd5 {[%clk 00:14:33]}
{[%emt 00:00:11]} 29. Rd1+ {[%clk 00:26:51]} {[%emt 00:00:37]} Kc6 {[%clk
00:14:12]} {[%emt 00:00:32]} 30. Rxg8 {[%clk 00:26:35]} {[%emt 00:00:25]} Rxg8
{[%clk 00:14:08]} {[%emt 00:00:15]} 31. Bxb6 {[%clk 00:26:38]} {[%emt
00:00:07]} Kxb6 {[%clk 00:13:57]} {[%emt 00:00:21]} 32. Rd4 {[%clk 00:26:38]}
{[%emt 00:00:10]} Re8 {[%clk 00:13:26]} {[%emt 00:00:40]} 33. b4 {[%clk
00:25:56]} {[%emt 00:00:53]} e3 {[%clk 00:13:06]} {[%emt 00:00:30]} 34. Rd1
{[%clk 00:25:58]} {[%emt 00:00:08]} e2 {[%clk 00:11:33]} {[%emt 00:01:43]} 35.
Re1 {[%clk 00:26:03]} {[%emt 00:00:04]} Kc6 {[%clk 00:10:48]} {[%emt 00:00:54]}
36. Kg2 {[%clk 00:25:53]} {[%emt 00:00:20]} Kd5 {[%clk 00:10:06]} {[%emt
00:00:53]} 37. Kf3 {[%clk 00:25:25]} {[%emt 00:00:36]} h5 {[%clk 00:09:37]}
{[%emt 00:00:41]} 38. f5 {[%clk 00:24:29]} {[%emt 00:01:06]} Re4 {[%clk
00:08:49]} {[%emt 00:00:58]} 39. f6 {[%clk 00:22:51]} {[%emt 00:01:47]} Re6
{[%clk 00:08:33]} {[%emt 00:00:26]} 40. f7 {[%clk 00:22:39]} {[%emt 00:00:22]}
Rf6+ {[%clk 00:08:32]} {[%emt 00:00:11]} 41. Kxe2 {[%clk 00:22:33]} {[%emt
00:00:17]} Rxf7 {[%clk 00:08:30]} {[%emt 00:00:11]} 42. Kd3 {[%clk 00:22:25]}
{[%emt 00:00:17]} Rf3+ {[%clk 00:08:29]} {[%emt 00:00:12]} 43. Re3 {[%clk
00:22:16]} {[%emt 00:00:19]} Rxe3+ {[%clk 00:08:33]} {[%emt 00:00:06]} 44. Kxe3
{[%clk 00:22:21]} {[%emt 00:00:06]} Kc4 {[%clk 00:08:32]} {[%emt 00:00:11]} 45.
Kd2 {[%clk 00:22:21]} {[%emt 00:00:10]} d5 {[%clk 00:08:30]} {[%emt 00:00:12]}
46. Kc2 {[%clk 00:22:00]} {[%emt 00:00:31]} d4 {[%clk 00:08:30]} {[%emt
00:00:11]} 47. cxd4 {[%clk 00:21:24]} {[%emt 00:00:47]} Kxb4 {[%clk 00:08:31]}
{[%emt 00:00:08]} 48. Kd3 {[%clk 00:21:28]} {[%emt 00:00:06]} Kxa4 {[%clk
00:08:34]} {[%emt 00:00:07]} 49. Kc4 {[%clk 00:21:31]} {[%emt 00:00:07]} b5
{[%clk 00:08:37]} {[%emt 00:00:06]} 50. Kc5 {[%clk 00:21:37]} {[%emt 00:00:05]}
b4 {[%clk 00:08:09]} {[%emt 00:00:38]} 51. Kc6 {[%clk 00:21:40]} {[%emt
00:00:07]} b3 {[%clk 00:08:03]} {[%emt 00:00:16]} 52. Kxc7 {[%clk 00:21:25]}
{[%emt 00:00:24]} b2 {[%clk 00:08:11]} {[%emt 00:00:02]} 53. d5 {[%clk
00:21:33]} {[%emt 00:00:03]} b1=Q {[%clk 00:08:15]} {[%emt 00:00:05]} 54. d6
{[%clk 00:21:34]} {[%emt 00:00:09]} Qc2+ {[%clk 00:08:16]} {[%emt 00:00:09]} 55.
Kd8 {[%clk 00:21:25]} {[%emt 00:00:19]} Qxh2 {[%clk 00:08:03]} {[%emt
00:00:23]} 56. d7 {[%clk 00:21:27]} {[%emt 00:00:08]} Qb8+ {[%clk 00:08:02]}
{[%emt 00:00:11]} 0-1